000 00253nam a22001217a 4500
008 170612b xxu||||| |||| 00| 0 eng d
041 _aeng
080 _a34
100 _a19
101 _aSHH
245 _aMODERN DEMOCRACY
_cBRUCE.J
942 _2udc
_cBK
999 _c16857
_d16857